书目信息 |
| 题名: |
魏源集
|
|
| 作者: | 魏源 著 | |
| 分册: | 下 | |
| 出版信息: | 北京 中华书局 1976.3 |
|
| 页数: | 431-862页 | |
| 开本: | 21cm | |
| 丛书名: | ||
| 单 册: | ||
| 中图分类: | B252 | |
| 科图分类: | ||
| 主题词: | 魏源--哲学 , 魏源 | |
| 电子资源: | ||
| ISBN: | ||
| 000 | 00502nam0 2200205 45 | |
| 001 | 0211150940 | |
| 005 | 20070730151111.56 | |
| 010 | @dCNY2.65 | |
| 091 | @a2018.136 | |
| 100 | @a20021115d1976 km y0chiy0120 ea | |
| 101 | 0 | @achi |
| 200 | 1 | @a魏源集@AWei Yuan Ji@h下@f魏源著@FWei Yuan Zhu |
| 210 | @a北京@c中华书局@d1976.3 | |
| 215 | @a431-862页@d21cm | |
| 606 | 0 | @a魏源@x哲学 |
| 606 | 0 | @a魏源 |
| 690 | @aB252@v3 | |
| 701 | 0 | @a魏源@4著 |
| 801 | @aCN@bTSTC@c20070730 | |
| 905 | @dB252@e4:2@f1@b31734 | |
| 魏源集.下/魏源著.-北京:中华书局,1976.3 |
| 431-862页;21cm |
| ISBN :CNY2.65 |
| ● |
| 相关链接 |
|
|
|
|
正题名:魏源集
索取号:B252/4:2
 
预约/预借
| 序号 | 登录号 | 条形码 | 馆藏地/架位号 | 状态 | 备注 |
| 1 | 0031734 | 002040847 | 第一样本阅览室/ [索取号:B252/4:2] | 在馆 | |
| 2 | 0228683 | 001623087 | 密集书库/ [索取号:B252/4:2] | 在馆 | |
| 3 | 0787383 | 207873835 | 密集书库/ [索取号:B252/4:2] | 在馆 |